| 000 | 00672nam a22002177a 4500 | ||
|---|---|---|---|
| 999 |
_c4181 _d4181 |
||
| 001 | 4322 | ||
| 003 | BD-DhUAP | ||
| 005 | 20201129104230.0 | ||
| 008 | 201103s1996 nyua|||| |||| 001 0 eng d | ||
| 020 | _a0471139319 | ||
| 040 |
_aBD-DhUAP _bEng _cBD-DhUAP _dBD-DhUAP |
||
| 082 |
_223 _a515 APP |
||
| 245 |
_aApplied calculus : _bfor business, social sciences and life sciences / _cDeborah Hughes-Hallett ...[et al]. |
||
| 250 | _aPreliminary edition. | ||
| 260 |
_aNew York : _bJohn Wiley & Sons, _cc1996. |
||
| 300 |
_axv, 560 pages : _billustrations ; _c28 cm. |
||
| 500 | _aIncludes index. | ||
| 650 | _aCalculus. | ||
| 700 | _aHughes-Hallett, Deborah. | ||
| 942 |
_2ddc _cBK |
||